| 000 | 01128cam a2200337 a 4500 | ||
|---|---|---|---|
| 001 | 4444 | ||
| 003 | FISKH | ||
| 005 | 20250612154625.0 | ||
| 008 | 000203s2000 ctua b 000 1 eng | ||
| 010 | _a 00023166 | ||
| 020 | _a1568998872 (hardcover) | ||
| 020 | _a1568998880 (pbk.) | ||
| 020 | _a9781568998886 | ||
| 040 |
_aDLC _cDLC _dDLC _beng |
||
| 042 | _alcac | ||
| 050 | _aPZ10.D386 | ||
| 082 | _a599.25 | ||
| 100 | 1 | _aDennard, Deborah. | |
| 245 | 1 | 0 |
_aKoala country : _ba story of an Australian eucalyptus forest / _cby Deborah Dennard ; illustrated by James McKinnon. |
| 260 |
_aNorwalk, Conn. : _bSoundprints, _c2000. |
||
| 300 |
_a27 pages : _bcolor illustrations ; _c26 cm |
||
| 520 | _aA mother koala and her joey feed and observe the other animal inhabitants of their fragile eucalyptus forest home. | ||
| 650 | 0 |
_aKoala _vJuvenile fiction. |
|
| 650 | 1 |
_aKoalas _vFiction. |
|
| 650 | 1 |
_aMarsupials _vFiction. |
|
| 650 | 1 |
_aZoology _zAustralia _vFiction. |
|
| 700 | 1 |
_aMcKinnon, James, _eillustrator |
|
| 906 |
_a7 _bcbc _corignew _d1 _eocip _f20 _gy-gencatlg |
||
| 942 |
_2ddc _cBK _n0 |
||
| 999 |
_c4444 _d4444 |
||